Normal view
MARC view
Entry Personal Name
001 - CONTROL NUMBER
- control field: 165393
003 - CONTROL NUMBER IDENTIFIER
- control field: OSt
005 - DATE AND TIME OF LATEST TRANSACTION
- control field: 20220923221337.0
008 - FIXED-LENGTH DATA ELEMENTS
- fixed length control field: 220923|| aca||aabn | a|a d
040 ## - CATALOGING SOURCE
- Original cataloging agency: OSt
- Transcribing agency: OSt
100 ## - HEADING--PERSONAL NAME
- Personal name: अनु जूून; तहलाना, नारायण सिंह, अनु
670 ## - SOURCE DATA FOUND
- Source citation: Work cat.: (OSt)349169: अनु जूून; तहलाना, नारायण सिंह, अनु., उत्प्ररेणा एवं उलझन, 1998
